000 00826nam a2200169 i 4500
001 150729
003 ES-MaACL
005 20230906203652.0
007 t|
008 071107m19241933gw ||||1| ger d
100 1 _aDilthey, Wilhelm.
_944818
245 1 0 _aGesammelte Schriften /
_cWilhelm Dilthey.
260 _aBerlin :
_bTeubner,
_c1924-1933.
300 _a7 v. ;
_c24 cm.
505 8 _aContiene: V. 1. Einleitung in d. Geisteswissenschaften -- v. 2. Weltanschauung u. Analyse d. Menschen seit Renaissance u. Reformation -- v. 3. Studien zur Geschichte d. dt. Geistes -- v. 4. Die Jugendgeschichte Hegels u. a. Abhandlgn zur Geschichte d. dt. Idealismus -- v. 5-6. Die geistige Welt : Einl. in d. Philosophie d. Lebens -- v. 7. Der Aufbau d. geschichtl. Welt in d. Geisteswissenschaften
852 _aES-MaACL
_jA-2945-51
999 _c150729
_d150729